000 00702nam a22001817a 4500
005 20260309144744.0
008 260309b |||||||| |||| 00| 0 eng d
082 _a338.47910954164
_bNON
100 _aNongbri, Pynshongdor L.
245 _aSustainable rural tourism and tourism and entrepreneurship : a study of East Khasi Hills District, Meghalaya
260 _aTura
_bDepartment of Management, NEHU
_c2024
300 _ax,121p.;28cm.
_eAbstract
502 _bPh.D
650 _aRural tourism-India-Meghalaya-East Khasi Hills District-Research
650 _aEntrepreneurship-India-Meghalaya-East Khasi Hills District-Research
700 _aSingh, Kh. Devananda
_eSupervisor/Guide
942 _cTHES
999 _c184531
_d184530